| 000 | 01041nam a2200241Ia 4500 | ||
|---|---|---|---|
| 003 | Ost | ||
| 005 | 20260507075639.0 | ||
| 008 | 260507s9999||||xx |||||||||||||| ||und|| | ||
| 020 | _a9957180231 | ||
| 040 | _cfsecg | ||
| 041 | _aara | ||
| 082 | _a658.5 | ||
| 100 |
_aبديوي، محمد الحسين _eمؤلف |
||
| 245 | 0 |
_aمقدمة في إدارة الإنتاج والعمليات / _c محمد الحسين بديوي |
|
| 250 | _aطبعة 2 | ||
| 260 |
_aعمان: _bدار المناهج, _c2004 |
||
| 300 |
_a205 صفحة؛ _bإيضاحات ؛ _c25 سم |
||
| 504 | _aالمراجع ص. 195 | ||
| 520 | _aمقدمة في ادارة الانتاج،نظام معلومات الانتاج،اختبار موقع المشروع،الترتيب الداخلي للمشروع،دراسة الحركة والوقت،ادارة الانتاجية،الطاقة الانتاجية،ادارة الجودة الشاملة. | ||
| 653 | _aإدارة الإنتاج | ||
| 653 | _aالجودة الشاملة | ||
| 942 | _cكتاب | ||
| 999 |
_c45372 _d45372 |
||